| 000 | 01843cam a22003974a 4500 | ||
|---|---|---|---|
| 001 | 12762217 | ||
| 003 | OSt | ||
| 005 | 20260313144741.0 | ||
| 008 | 020502s2002 nyua 001 0 eng | ||
| 010 | _a 2002006988 | ||
| 020 | _a0070132674 | ||
| 020 | _a0070133123 | ||
| 035 | _a12762217 | ||
| 040 |
_aDLC _cDLC _dDLC |
||
| 042 | _apcc | ||
| 050 | 0 | 0 |
_aHD57.7 _b.C69 1992 |
| 082 | 0 | 0 |
_a658.4/092 _221 |
| 100 | 1 |
_aCox, Danny, _d1934- |
|
| 245 | 1 | 0 |
_aLeadership when the heat's on / _cby Danny Cox with John Hoover. |
| 250 | _a2nd ed. | ||
| 260 |
_aNew York : _bMcGraw-Hill, _cc1992. |
||
| 300 |
_axviii, 237 p. : _bill. ; _c23 cm. |
||
| 336 |
_atext _btxt _2rdacontent |
||
| 337 |
_aunmediated _bn _2rdamedia |
||
| 338 |
_avolume _bnc _2rdacarrier |
||
| 500 | _aIncludes index. | ||
| 505 | 0 | _aThe leader feels the heat -- The emerging leader process -- The first step : team building when the heat's on -- The second step : goal setting when the heat's on -- The third step : time planning for higher productivity -- The fourth step : keeping morale high when the heat's on -- The fifth step : creativity when the heat's on -- The sixth step : problem solving when the heat's on -- The seventh step : leading change when the heat's on (not just managing it) -- Meeting tomorrow's leadership challenges today. | |
| 650 | 0 | _aLeadership. | |
| 700 | 1 |
_aHoover, John, _d1952- |
|
| 856 | 4 | 2 |
_3Contributor biographical information _uhttp://www.loc.gov/catdir/bios/mh041/2002006988.html |
| 856 | 4 | 2 |
_3Publisher description _uhttp://www.loc.gov/catdir/description/mh024/2002006988.html |
| 906 |
_a7 _bcbc _corignew _d1 _eecip _f20 _gy-gencatlg |
||
| 942 |
_2lcc _cBK |
||
| 999 |
_c21403 _d21402 |
||